Pikmin 4 - Piklopédie - Statistiques

Statistiques générales
  • Ce quiz a été pris 27 fois
  • Le résultat moyen est 47 sur 125
Statistiques - réponses
Par images Réponse % Correct
Bulborbe
89%
Bulborbe nain
84%
Bulborbe géant
68%
Pikmin jaune
63%
Pikmin rouge
63%
Empereur bulblax
58%
Pikmin ailé
58%
Pikmin blanc
58%
Pikmin bleu
58%
Pikmin glace
58%
Pikmin roc
58%
Pikmin violet
58%
Puffy cracheau
58%
Puffy crachefeu
58%
Puffy cracheglace
58%
Roi bulblax
58%
Bulborbe orange
53%
Oignon
53%
Reine bulblax
53%
Bulborbe nain orange
47%
Pikmin luisant
47%
Snabrek fouisseur
47%
Wog jaune
47%
Araknéak aquatique
42%
Araknéak électrique
42%
Boufpon femelle
42%
Boufpon mâle
42%
Bulblax embrasé
42%
Bulborbe nain albinos
42%
Bulborbe vermilingue
42%
Bulbours à pois
42%
Bulbours nain
42%
Fleur cracheuse
42%
Fleur-jeton
42%
Larve de bulborbe
42%
Mécanopattes
42%
Mitite
42%
Moss
42%
Scarabée iridescent
42%
Spectreau
42%
Araknéak embrasé
37%
Araknéak glacial
37%
Araknéak venimeux
37%
Aurimandre
37%
Aurimandrille
37%
Babuta
37%
Boufpon volant
37%
Bouledeau
37%
Bulborbe glacé
37%
Bulborbe nain glacé
37%
Chrysanthème rampant
37%
Coquiperle
37%
Crabamok ermite
37%
Crabamok globuleux
37%
Crabognon
37%
Didi longues jambes
37%
Feuille animale
37%
Feuille animale séchée
37%
Jellyflotte transparent
37%
Larve de scaracanon blindé
37%
Larve de scaracanon des neiges
37%
Lumilière
37%
Mouchamiel
37%
Nunu longues jambes
37%
Piquépille
37%
Puffy à défenses
37%
Puffy volant
37%
Pyroplasmik
37%
Scarabée électrique
37%
Scaracanon cornu
37%
Scaracanon des neiges
37%
Scaratax
37%
Scaratax géant
37%
Spectrillon blanc
37%
Spectrillon jaune
37%
Spectrillon rouge
37%
Tatoursin
37%
Tétaille
37%
Têtasson
37%
Wog larvaire
37%
Arachnodule
32%
Bzit
32%
Canirex primordial
32%
Craboquin lève-queue
32%
Frappatrompe géant
32%
Frappatrompe nain
32%
Gigawog
32%
Jellyflotte coloré
32%
Jeune crabognon
32%
Molosko fumant
32%
Nectarox
32%
Ovoplaffe
32%
Puffy cracheblizzard
32%
Puffy dépérissant
32%
Puffy mégafeu
32%
Ragnée d'eau
32%
Ragnée de boue
32%
Snabrek duveteux
32%
Sporiflore surprenant
32%
Sporoplasmik
32%
Wog sauteur
32%
Boufpon matrone
26%
Boufpuce
26%
Cachepique
26%
Cachepique ailé
26%
Flatuoz
26%
Jeune éventraille
26%
Lancetok
26%
Poulpibulle
26%
Siphonard
26%
Tradescantia
26%
Wog frigorifiant
26%
Champispore
21%
Champitoxine
21%
Globépine
21%
Marésangsue
21%
Mastrocrêpe brûlant
21%
Mastrocrêpe électrique
21%
Pseudopillon des neiges
21%
Puffy glaçant
21%
Éventraille patelliflore
16%
Jongloproie
16%
Scarabée cristallisé
16%
Sporobulborde nain
16%
Mastrocrêpe glacé
11%
Aucun quiz correspondant
Distribution des résultats
% des personnes avec chaque résultat
Percentile par nombre de réponses
Votre historique - résultats
Vous n’avez pas pris ce quiz